| 000 | 00580nam a2200181 i 4500 | ||
|---|---|---|---|
| 001 | 78272 | ||
| 003 | ES-MaACL | ||
| 005 | 20230906173635.0 | ||
| 007 | t| | ||
| 008 | 041013s1978 sp ||||1| spa d | ||
| 100 | 1 |
_aHäring, Bernhard. _961847 |
|
| 245 | 1 | 0 |
_aMemorias de guerra de un sacerdote / _cBernhard Häring ; [versión, Marciano Villanueva]. |
| 260 |
_aBarcelona : _bHerder, _c1978. |
||
| 300 |
_a164 p. ; _c20 cm. |
||
| 650 | 0 | 4 |
_aGuerra mundial, 1939-1945- _vRelatos personales. _913254 |
| 700 | 1 |
_aVillanueva, Marciano. _9115029 |
|
| 852 |
_aES-MaACL _jA-9308 _bR.98398 |
||
| 999 |
_c78272 _d78272 |
||